[Event "GER-ch U12 Girls"]
[Site "Willingen"]
[Date "2018.05.25"]
[Round "10"]
[White "Bress, Amy Charlize"]
[Black "Sinner, Joselyne"]
[Result "0-1"]
[WhiteElo "1519"]
[BlackElo "1410"]
[PlyCount "56"]
[EventDate "2018.05.19"]
[EventType "swiss"]
[EventRounds "11"]
[EventCountry "GER"]
[SourceTitle "CBM 184 Extra"]
[Source "ChessBase"]
[SourceDate "2018.06.28"]
[SourceVersion "1"]
[SourceVersionDate "2018.06.28"]
[SourceQuality "1"]

1. e4 e5 2. Nf3 Nc6 3. Bb5 a6 4. Ba4 Nf6 5. 0-0 b5 6. Bb3 Be7 7. Re1 0-0 8. a4 Bb7 9. d3 Na5 10. Nxe5 Nxb3 11. cxb3 d5 12. exd5 Qxd5 13. Nf3 Bb4 14. Nc3 Qc6 15. Bd2 Bc5 16. Rc1 Qb6 17. Be3 Ng4 18. Bxc5 Qxc5 19. Ne4 Qb6 20. Qe2 Rfe8 21. Qc2 f5 22. Ng3 Rxe1+ 23. Nxe1 Re8 24. h3 Nf6 25. Nxf5 Qa5 26. Qc3 b4 27. Qc4+ Bd5 28. Qf4 Bxb3 0-1

[Event "GER-ch U12 Girls"]
[Site "Willingen"]
[Date "2018.05.22"]
[Round "5"]
[White "Sinner, Joselyne"]
[Black "Buchholz, Maja Patricia"]
[Result "1-0"]
[WhiteElo "1410"]
[BlackElo "1379"]
[PlyCount "177"]
[EventDate "2018.05.19"]
[EventType "swiss"]
[EventRounds "11"]
[EventCountry "GER"]
[SourceTitle "CBM 184 Extra"]
[Source "ChessBase"]
[SourceDate "2018.06.28"]
[SourceVersion "1"]
[SourceVersionDate "2018.06.28"]
[SourceQuality "1"]

1. e4 c5 2. Nf3 g6 3. Nc3 Bg7 4. d4 cxd4 5. Nxd4 d6 6. Be3 Nf6 7. Be2 Nc6 8. Qd2 0-0 9. 0-0 d5 10. Nxc6 bxc6 11. Rad1 Be6 12. e5 Nd7 13. f4 Nb6 14. b3 Rc8 15. Bf3 Qd7 16. Bc5 Rfe8 17. Ne2 Qb7 18. Nd4 Bd7 19. g4 e6 20. h4 Kh8 21. Qh2 Rg8 22. Kh1 Bf8 23. Bxf8 Rcxf8 24. h5 Qc8 25. Rg1 c5 26. Ne2 d4 27. Qh4 Qd8 28. g5 Qe7 29. Rg2 Bc8 30. Ng3 Bb7 31. Ne4 Bxe4 32. Bxe4 Nd5 33. Rh2 Nc3 34. Re1 Nxe4 35. Rxe4 Qb7 36. Rhe2 Qa6 37. hxg6 Rxg6 38. a4 d3 39. cxd3 Qxd3 40. R2e3 Qd1+ 41. Qe1 Qxe1+ 42. Rxe1 Rd8 43. Rc4 Rd4 44. Rxd4 cxd4 45. Rd1 h6 46. gxh6 Rxh6+ 47. Kg2 Kg7 48. Rxd4 Rh8 49. Rd2 Rb8 50. Rb2 a5 51. Kf3 Rb4 52. Ke3 Kf8 53. Rd2 Rxb3+ 54. Ke4 Ke7 55. Rd6 Rb7 56. Rd4 Rb6 57. Rc4 Kd7 58. Kd4 Rc6 59. Rc5 Ra6 60. Kc4 Rb6 61. Rxa5 Rb1 62. Kd3 Rb4 63. Ke3 Rb7 64. Rb5 Ra7 65. Rb4 Kc6 66. Kd4 Ra5 67. Kc4 Kc7 68. Kb3 Kc6 69. Ka3 Rc5 70. Rb8 Kc7 71. Rb5 Rc4 72. a5 Rxf4 73. a6 Rh4 74. Rb7+ Kc6 75. Rxf7 Rh8 76. Re7 Kd5 77. Kb4 Kxe5 78. a7 Kd6 79. Rb7 Ra8 80. Kb5 e5 81. Kb6 e4 82. Rb8 Rxa7 83. Kxa7 Kd5 84. Rd8+ Ke5 85. Kb6 e3 86. Kc5 Ke4 87. Kc4 e2 88. Re8+ Kf3 89. Kd3 1-0